[Event "Sochi Tal Memorial Blitz"]
[Site "Sochi"]
[Date "2014.11.13"]
[Round "6"]
[White "Kosteniuk, Alexandra"]
[Black "Karjakin, Sergey"]
[Result "0-1"]
[WhiteElo "2541"]
[BlackElo "2770"]
[PlyCount "92"]
[EventDate "2014.11.13"]
[EventType "tourn (blitz)"]
[EventRounds "22"]
[EventCountry "RUS"]
[EventCategory "19"]
[SourceTitle "EXT 2015"]
[Source "ChessBase"]
[SourceDate "2014.11.20"]
[SourceVersion "1"]
[SourceVersionDate "2014.11.20"]
[SourceQuality "1"]

1. e4 c5 2. c3 Nf6 3. e5 Nd5 4. Nf3 Nc6 5. Bc4 Nb6 6. Bb3 d5 7. exd6 Qxd6 8.
O-O Be6 9. Bxe6 Qxe6 10. b3 Qf5 11. Na3 e6 12. Nb5 O-O-O 13. a4 Nd5 14. c4 Nf4
15. d4 cxd4 16. Bxf4 Qxf4 17. Ne1 a6 18. Nd3 Qf5 19. Rc1 e5 20. f3 Qe6 21. c5
f5 22. Na3 e4 23. fxe4 fxe4 24. Nf4 Qf5 25. b4 d3 26. b5 Bxc5+ 27. Kh1 Bxa3 28.
bxc6 Bxc1 29. Qb3 bxc6 30. Qb6 Rd6 31. Qxa6+ Kd8 32. Qb6+ Ke7 33. Qc7+ Qd7 34.
Qa5 Bxf4 35. Rxf4 Rb8 36. Qe5+ Re6 37. Qxb8 Rf6 38. Qe5+ Kf7 39. Rxf6+ gxf6 40.
Qxe4 f5 41. Qh4 d2 42. Qxh7+ Ke6 43. Qg6+ Kd5 44. Qg8+ Kc5 45. Qf8+ Kc4 46.
Qg8+ Qd5 0-1

[Event "Sochi Tal Memorial Blitz"]
[Site "Sochi"]
[Date "2014.11.13"]
[Round "7"]
[White "Kramnik, Vladimir"]
[Black "Kosteniuk, Alexandra"]
[Result "0-1"]
[WhiteElo "2760"]
[BlackElo "2541"]
[Annotator "Schulz,Andre"]
[PlyCount "64"]
[EventDate "2014.11.13"]
[EventType "tourn (blitz)"]
[EventRounds "22"]
[EventCountry "RUS"]
[EventCategory "19"]
[SourceTitle "EXT 2015"]
[Source "ChessBase"]
[SourceDate "2014.11.20"]
[SourceVersion "1"]
[SourceVersionDate "2014.11.20"]
[SourceQuality "1"]

1. Nf3 Nf6 2. g3 b6 3. Bg2 Bb7 4. O-O e6 5. c4 Be7 6. b3 O-O 7. Bb2 d5 8. cxd5
Nxd5 9. d4 Nf6 10. Nc3 c5 (10... Na6 11. Ne5 Bxg2 12. Kxg2 Qc8 13. e4 Qb7 14.
Qf3 Rad8 15. Rad1 c6 16. Rfe1 Nc7 17. Na4 Nb5 18. Qe2 Bb4 19. Rf1 a6 20. Qc4 c5
21. dxc5 bxc5 22. f3 Nd7 23. Nxd7 Rxd7 24. Nxc5 Bxc5 25. Qxc5 Rc8 26. Qe5 f6
27. Qxe6+ Rf7 28. Rc1 Nc7 29. Qc4 Re8 30. Rfd1 Qc8 31. Rd6 Rd8 32. Ba3 h5 33.
Rcd1 Rxd6 34. Rxd6 Qe8 35. Rc6 Qd7 36. Rd6 Qe8 37. Qd3 Qe5 38. f4 Qa1 39. e5
Qxa2+ 40. Kh3 Qxa3 41. Qc4 Kf8 42. Rd8+ Ne8 43. b4 Qf3 44. Qc5+ Re7 45. exf6
Qg4+ 46. Kg2 {0-1 (46) Danielian,E (2476)-Kosteniuk,A (2501) Beijing 2012}) 11.
dxc5 Bxc5 12. Qxd8 Rxd8 13. Ne5 Bxg2 14. Kxg2 Nbd7 15. Nd3 Be7 16. Rfd1 Rac8
17. Rac1 a6 18. f4 b5 19. Kf3 Nb6 20. g4 Nfd5 21. Ne4 (21. Nxd5 Nxd5 22. Ne5
$14) 21... a5 (21... f6 $11) 22. Bd4 Ba3 23. Rxc8 Rxc8 24. Bxb6 Nxb6 25. f5 Nd5
26. Rd2 h5 27. fxe6 hxg4+ 28. Kxg4 fxe6 29. Ng5 Rf8 {Es droht Se3, aber
Kramnik bedient nicht.} 30. Nxe6 Ne3+ 31. Kh3 Rf6 32. Ndf4 Rh6+ (32... Rh6+ 33.
Kg3 Nf1+ 34. Kg4 Nxd2 $19) 0-1

[Event "Sochi Tal Memorial Blitz"]
[Site "Sochi"]
[Date "2014.11.13"]
[Round "9"]
[White "Svidler, Peter"]
[Black "Kosteniuk, Alexandra"]
[Result "1-0"]
[WhiteElo "2743"]
[BlackElo "2541"]
[PlyCount "75"]
[EventDate "2014.11.13"]
[EventType "tourn (blitz)"]
[EventRounds "22"]
[EventCountry "RUS"]
[EventCategory "19"]
[SourceTitle "EXT 2015"]
[Source "ChessBase"]
[SourceDate "2014.11.20"]
[SourceVersion "1"]
[SourceVersionDate "2014.11.20"]
[SourceQuality "1"]

1. Nf3 Nf6 2. c4 b6 3. g3 Bb7 4. Bg2 e6 5. O-O Be7 6. Re1 c5 7. Nc3 O-O 8. e4
d6 9. d4 cxd4 10. Nxd4 Nfd7 11. b3 a6 12. f4 Qc7 13. f5 e5 14. Nc2 b5 15. Ne3
Nb6 16. a4 bxa4 17. Nxa4 Nxa4 18. Rxa4 Nd7 19. Qc2 Bc6 20. Ra3 Qb7 21. Bd2 Nf6
22. Nd5 Bxd5 23. exd5 Bd8 24. b4 Rc8 25. h3 Bb6+ 26. Kh2 Bd4 27. Qd3 Rc7 28. c5
dxc5 29. d6 e4 30. dxc7 Qxc7 31. Bxe4 Rd8 32. Qf3 Bg1+ 33. Kxg1 Rxd2 34. Rd3
Rxd3 35. Bxd3 h6 36. bxc5 Qxc5+ 37. Kg2 a5 38. g4 1-0

[Event "Sochi Tal Memorial Blitz"]
[Site "Sochi"]
[Date "2014.11.13"]
[Round "10"]
[White "Kosteniuk, Alexandra"]
[Black "Inarkiev, Ernesto"]
[Result "0-1"]
[WhiteElo "2541"]
[BlackElo "2688"]
[PlyCount "88"]
[EventDate "2014.11.13"]
[EventType "tourn (blitz)"]
[EventRounds "22"]
[EventCountry "RUS"]
[EventCategory "19"]
[SourceTitle "EXT 2015"]
[Source "ChessBase"]
[SourceDate "2014.11.20"]
[SourceVersion "1"]
[SourceVersionDate "2014.11.20"]
[SourceQuality "1"]

1. e4 e5 2. Nf3 Nc6 3. Bc4 Nf6 4. Ng5 d5 5. exd5 Na5 6. Bb5+ c6 7. dxc6 bxc6 8.
Bd3 Nd5 9. h4 Be7 10. Nf3 Bg4 11. Nc3 O-O 12. Bxh7+ Kh8 13. Bd3 Bc5 14. Ne4 Bb6
15. Be2 Nf4 16. d3 Nxg2+ 17. Kf1 Nf4 18. Bxf4 exf4 19. Qd2 Qc7 20. b4 Nb7 21.
h5 Bxf3 22. Bxf3 Qe5 23. Re1 Rae8 24. Kg2 Nd8 25. h6 g6 26. c3 Ne6 27. d4 Qf5
28. Rh4 Ng5 29. Nxg5 Rxe1 30. Qxe1 Qxg5+ 31. Rg4 Qxh6 32. Qe5+ Kg8 33. Qxf4
Qxf4 34. Rxf4 Rc8 35. Rf6 a5 36. bxa5 Bxa5 37. c4 Bc3 38. Rd6 c5 39. dxc5 Rxc5
40. Bd5 Rc7 41. Rxg6+ Kf8 42. Ra6 Bd4 43. f4 Ra7 44. Rd6 Rxa2+ 0-1

[Event "Sochi Tal Memorial Blitz"]
[Site "Sochi"]
[Date "2014.11.13"]
[Round "11"]
[White "Tomashevsky, Evgeny"]
[Black "Kosteniuk, Alexandra"]
[Result "1-0"]
[WhiteElo "2714"]
[BlackElo "2541"]
[PlyCount "39"]
[EventDate "2014.11.13"]
[EventType "tourn (blitz)"]
[EventRounds "22"]
[EventCountry "RUS"]
[EventCategory "19"]
[SourceTitle "EXT 2015"]
[Source "ChessBase"]
[SourceDate "2014.11.20"]
[SourceVersion "1"]
[SourceVersionDate "2014.11.20"]
[SourceQuality "1"]

1. c4 Nf6 2. Nc3 e5 3. Nf3 Nc6 4. e3 d5 5. cxd5 Nxd5 6. Bb5 Nxc3 7. bxc3 Bd6 8.
d4 e4 9. Nd2 Qg5 10. Bf1 Qg6 11. g3 O-O 12. Bg2 Re8 13. Qb3 h5 14. Ba3 Bxa3 15.
Qxa3 h4 16. O-O hxg3 17. fxg3 b6 18. Rf4 Bb7 19. Raf1 Re7 20. d5 1-0

[Event "Sochi Tal Memorial Blitz"]
[Site "Sochi"]
[Date "2014.11.14"]
[Round "12"]
[White "Kosteniuk, Alexandra"]
[Black "Tomashevsky, Evgeny"]
[Result "1-0"]
[WhiteElo "2541"]
[BlackElo "2714"]
[PlyCount "53"]
[EventDate "2014.11.13"]
[EventType "tourn (blitz)"]
[EventRounds "22"]
[EventCountry "RUS"]
[EventCategory "19"]
[SourceTitle "EXT 2015"]
[Source "ChessBase"]
[SourceDate "2014.11.20"]
[SourceVersion "1"]
[SourceVersionDate "2014.11.20"]
[SourceQuality "1"]

1. e4 e5 2. Nf3 Nc6 3. Bc4 Bc5 4. c3 Nf6 5. d4 exd4 6. cxd4 Bb4+ 7. Bd2 Bxd2+
8. Nbxd2 d5 9. exd5 Nxd5 10. O-O O-O 11. Rc1 Nb6 12. Bb3 Ne7 13. Ne4 c6 14. Nc5
Ned5 15. Re1 Rb8 16. Ne5 Bf5 17. Qf3 Be6 18. Qg3 Nc7 19. Nxe6 fxe6 20. Re4 Nbd5
21. Rh4 Nf6 22. Bc2 Qe7 23. Qh3 g5 24. Rh6 Qg7 25. Bxh7+ Nxh7 26. Rg6 Rbd8 27.
Qh6 1-0

[Event "Sochi Tal Memorial Blitz"]
[Site "Sochi"]
[Date "2014.11.14"]
[Round "13"]
[White "Kosteniuk, Alexandra"]
[Black "Nepomniachtchi, Ian"]
[Result "0-1"]
[WhiteElo "2541"]
[BlackElo "2714"]
[PlyCount "70"]
[EventDate "2014.11.13"]
[EventType "tourn (blitz)"]
[EventRounds "22"]
[EventCountry "RUS"]
[EventCategory "19"]
[SourceTitle "EXT 2015"]
[Source "ChessBase"]
[SourceDate "2014.11.20"]
[SourceVersion "1"]
[SourceVersionDate "2014.11.20"]
[SourceQuality "1"]

1. e4 e6 2. d4 d5 3. Nc3 Bb4 4. a3 Bxc3+ 5. bxc3 Ne7 6. Bd3 c5 7. exd5 Nxd5 8.
Qg4 g6 9. dxc5 Nc6 10. Nf3 e5 11. Qa4 O-O 12. O-O Be6 13. Ng5 Qe7 14. Qh4 f6
15. Nxe6 Qxe6 16. Bc4 Nce7 17. Bb3 Kh8 18. f4 e4 19. Qe1 Rad8 20. Be3 Nf5 21.
Bd4 Kg7 22. Bc4 Rfe8 23. Rb1 Re7 24. Rb3 Qc6 25. g4 Nxd4 26. cxd4 e3 27. Qe2
Re4 28. Bxd5 Qxd5 29. Rd3 Rxd4 30. Qxe3 Qxc5 31. Rxd4 Qxd4 32. Qxd4 Rxd4 33.
Rb1 b6 34. Rb4 Rxb4 35. axb4 a5 0-1

[Event "Sochi Tal Memorial Blitz"]
[Site "Sochi"]
[Date "2014.11.14"]
[Round "14"]
[White "Grischuk, Alexander"]
[Black "Kosteniuk, Alexandra"]
[Result "1-0"]
[WhiteElo "2795"]
[BlackElo "2541"]
[PlyCount "51"]
[EventDate "2014.11.13"]
[EventType "tourn (blitz)"]
[EventRounds "22"]
[EventCountry "RUS"]
[EventCategory "19"]
[SourceTitle "EXT 2015"]
[Source "ChessBase"]
[SourceDate "2014.11.20"]
[SourceVersion "1"]
[SourceVersionDate "2014.11.20"]
[SourceQuality "1"]

1. d4 Nf6 2. Bf4 e6 3. e3 b6 4. Nf3 Bb7 5. Be2 Be7 6. h3 O-O 7. O-O d6 8. c4
Nbd7 9. Nc3 Re8 10. Qc2 Bf8 11. Rfd1 Qc8 12. Bh2 e5 13. Rac1 g6 14. b4 Bg7 15.
Qb3 h6 16. a3 Ne4 17. Nd5 exd4 18. Nxd4 Ndf6 19. Nb5 c6 20. Nxf6+ Bxf6 21. Nxd6
Nxd6 22. Rxd6 Be5 23. Bxe5 Rxe5 24. c5 Qf5 25. Bd3 Qh5 26. Bxg6 1-0

[Event "Sochi Tal Memorial Blitz"]
[Site "Sochi"]
[Date "2014.11.14"]
[Round "17"]
[White "Kosteniuk, Alexandra"]
[Black "Morozevich, Alexander"]
[Result "0-1"]
[WhiteElo "2541"]
[BlackElo "2724"]
[PlyCount "94"]
[EventDate "2014.11.13"]
[EventType "tourn (blitz)"]
[EventRounds "22"]
[EventCountry "RUS"]
[EventCategory "19"]
[SourceTitle "EXT 2015"]
[Source "ChessBase"]
[SourceDate "2014.11.20"]
[SourceVersion "1"]
[SourceVersionDate "2014.11.20"]
[SourceQuality "1"]

1. e4 e6 2. d4 d5 3. Nc3 Bb4 4. a3 Bxc3+ 5. bxc3 Ne7 6. Bd3 c5 7. exd5 exd5 8.
dxc5 Nd7 9. Be3 Qa5 10. Bd4 Nxc5 11. Bxg7 Rg8 12. Bf6 Rxg2 13. Qf3 Nxd3+ 14.
cxd3 Rg6 15. Ne2 Bg4 16. Qf4 Qa6 17. Bxe7 Qxd3 18. Qe3 Qxe3 19. fxe3 Kxe7 20.
Nf4 Rd6 21. Rg1 Bf5 22. O-O-O Be4 23. Rd4 Rc8 24. Kd2 Rc5 25. Rb4 b6 26. Rg5
Rh6 27. h3 Rhc6 28. Rd4 Rd6 29. Re5+ Kd7 30. Rh5 Ra5 31. a4 Kc6 32. Re5 b5 33.
axb5+ Rxb5 34. Re7 Rb2+ 35. Ke1 Rb7 36. Re8 Kd7 37. Rf8 Ke7 38. Rg8 Rb2 39. Ra4
Rd7 40. Ra8 Rbb7 41. Ne2 Rbc7 42. Kd2 d4 43. Rb8 dxc3+ 44. Kc1 f5 45. Nd4 Rb7
46. Rxb7 Rxb7 47. Ne2 Rb1# 0-1

[Event "Sochi Tal Memorial Blitz"]
[Site "Sochi"]
[Date "2014.11.14"]
[Round "18"]
[White "Karjakin, Sergey"]
[Black "Kosteniuk, Alexandra"]
[Result "1-0"]
[WhiteElo "2770"]
[BlackElo "2541"]
[PlyCount "81"]
[EventDate "2014.11.13"]
[EventType "tourn (blitz)"]
[EventRounds "22"]
[EventCountry "RUS"]
[EventCategory "19"]
[SourceTitle "EXT 2015"]
[Source "ChessBase"]
[SourceDate "2014.11.20"]
[SourceVersion "1"]
[SourceVersionDate "2014.11.20"]
[SourceQuality "1"]

1. Nf3 Nf6 2. g3 b6 3. Bg2 Bb7 4. O-O e6 5. d3 d5 6. e4 dxe4 7. Nfd2 Bc5 8.
dxe4 e5 9. Qe2 Qe7 10. Re1 h5 11. Nb3 Bb4 12. c3 Bd6 13. N1d2 Ba6 14. Qf3 Nbd7
15. Nf1 Bb7 16. Bg5 Qe6 17. h4 a5 18. Nbd2 Nc5 19. Ne3 Nfxe4 20. Nf5 Nxg5 21.
Nxg7+ Kd7 22. Qxb7 Nxb7 23. Nxe6 Nxe6 24. Bxb7 Rab8 25. Be4 Nc5 26. Bf5+ Ke7
27. Nc4 Kf6 28. Ne3 Na4 29. Rab1 Bc5 30. Bc2 Bxe3 31. Rxe3 Nc5 32. Rbe1 Rbe8
33. b4 axb4 34. cxb4 Ne6 35. Rxe5 Rd8 36. Rf5+ Kg7 37. Bb3 Nd4 38. Rxf7+ Kg6
39. Rf4 Nxb3 40. axb3 Rd6 41. Re5 1-0

[Event "Sochi Tal Memorial Blitz"]
[Site "Sochi"]
[Date "2014.11.14"]
[Round "19"]
[White "Kosteniuk, Alexandra"]
[Black "Kramnik, Vladimir"]
[Result "0-1"]
[WhiteElo "2541"]
[BlackElo "2760"]
[PlyCount "108"]
[EventDate "2014.11.13"]
[EventType "tourn (blitz)"]
[EventRounds "22"]
[EventCountry "RUS"]
[EventCategory "19"]
[SourceTitle "EXT 2015"]
[Source "ChessBase"]
[SourceDate "2014.11.20"]
[SourceVersion "1"]
[SourceVersionDate "2014.11.20"]
[SourceQuality "1"]

1. e4 e5 2. Nf3 Nc6 3. Bc4 Bc5 4. c3 Nf6 5. d4 exd4 6. cxd4 Bb4+ 7. Bd2 Nxe4 8.
Bxb4 Nxb4 9. Bxf7+ Kxf7 10. Qb3+ Kf8 11. Qxb4+ Qe7 12. Qxe7+ Kxe7 13. O-O Kd8
14. Re1 Nf6 15. Ng5 Rf8 16. Nc3 h6 17. Nge4 Ne8 18. Re3 d6 19. Rc1 Bd7 20. d5
a5 21. Ne2 a4 22. Nd4 Ra5 23. Nc3 Nf6 24. Ne6+ Bxe6 25. dxe6 Re8 26. f4 c6 27.
Rce1 Ke7 28. h3 Rf8 29. Rd1 Ne8 30. Rd4 Nc7 31. g4 g6 32. Rb4 b5 33. Re2 c5 34.
Rbe4 b4 35. Nd1 d5 36. Re5 Rxf4 37. Ne3 c4 38. h4 a3 39. bxa3 Rxa3 40. h5 d4
41. Nd5+ Nxd5 42. Rxd5 Rxg4+ 43. Kf2 Re3 44. Rxe3 dxe3+ 45. Kxe3 Kxe6 46. Rb5
c3 47. hxg6 Kf6 48. Rb6+ Kg7 49. Kd3 h5 50. Kc2 h4 51. a3 h3 52. Rb7+ Kxg6 53.
Rb8 Rh4 54. Rg8+ Kf7 0-1

[Event "Sochi Tal Memorial Blitz"]
[Site "Sochi"]
[Date "2014.11.14"]
[Round "21"]
[White "Kosteniuk, Alexandra"]
[Black "Svidler, Peter"]
[Result "0-1"]
[WhiteElo "2541"]
[BlackElo "2743"]
[PlyCount "81"]
[EventDate "2014.11.13"]
[EventType "tourn (blitz)"]
[EventRounds "22"]
[EventCountry "RUS"]
[EventCategory "19"]
[SourceTitle "EXT 2015"]
[Source "ChessBase"]
[SourceDate "2014.11.20"]
[SourceVersion "1"]
[SourceVersionDate "2014.11.20"]
[SourceQuality "1"]

1. e4 d6 2. d4 g6 3. Nc3 Bg7 4. Be3 a6 5. Nf3 Nd7 6. Qd2 b5 7. a4 b4 8. Ne2 a5
9. Ng3 Bb7 10. c3 bxc3 11. bxc3 Ngf6 12. Bd3 O-O 13. O-O Nb6 14. Bh6 Bc6 15.
Bxg7 Kxg7 16. Bc2 e6 17. e5 Nfd7 18. exd6 Bxf3 19. dxc7 Qxc7 20. gxf3 Rac8 21.
Ne2 Rfd8 22. Bd3 Nf6 23. Ba6 Rb8 24. Bb5 Nc4 25. Qd3 Nd6 26. c4 Nf5 27. Qc3 Rd6
28. Rfd1 Rdd8 29. Rac1 Nh4 30. d5 exd5 31. cxd5 Qd6 32. Ng3 Qf4 33. Qe3 Nxf3+
34. Kh1 Nxd5 35. Qxf4 Nxf4 36. Ne4 Rbc8 37. Ng3 Rxd1+ 38. Rxd1 Rc2 39. Ne4 f5
40. Nd6 Rxf2 41. Nc4 0-1

[Event "Sochi Tal Memorial Blitz"]
[Site "Sochi"]
[Date "2014.11.14"]
[Round "22"]
[White "Inarkiev, Ernesto"]
[Black "Kosteniuk, Alexandra"]
[Result "1-0"]
[WhiteElo "2688"]
[BlackElo "2541"]
[PlyCount "105"]
[EventDate "2014.11.13"]
[EventType "tourn (blitz)"]
[EventRounds "22"]
[EventCountry "RUS"]
[EventCategory "19"]
[SourceTitle "EXT 2015"]
[Source "ChessBase"]
[SourceDate "2014.11.20"]
[SourceVersion "1"]
[SourceVersionDate "2014.11.20"]
[SourceQuality "1"]

1. d4 Nf6 2. c4 e6 3. Nf3 b6 4. e3 Bb7 5. Bd3 d5 6. O-O Be7 7. b3 O-O 8. Bb2 c5
9. Nbd2 cxd4 10. exd4 Nc6 11. Qe2 Re8 12. Rac1 Bf8 13. Rfd1 g6 14. Nf1 Bg7 15.
Ne3 Nh5 16. g3 Nf6 17. a3 Ne4 18. Ne5 Nxe5 19. dxe5 Ng5 20. cxd5 exd5 21. f4
Ne6 22. Be4 dxe4 23. Rxd8 Raxd8 24. Nc4 Ba6 25. b4 Bb7 26. Rd1 Rxd1+ 27. Qxd1
Rd8 28. Nd6 e3 29. Qd3 Bc6 30. Bc3 e2 31. Kf2 g5 32. f5 Nc7 33. Qxe2 Nd5 34.
Bb2 h6 35. f6 Bf8 36. Qc4 Ba8 37. Nf5 Bb7 38. h4 Rc8 39. Qe2 a5 40. hxg5 axb4
41. e6 Bc5+ 42. Ke1 bxa3 43. Qh5 Bb4+ 44. Kd1 Ne3+ 45. Nxe3 Bf3+ 46. Qxf3 axb2
47. exf7+ Kf8 48. Qe4 Rc1+ 49. Ke2 Re1+ 50. Kf3 Kxf7 51. g6+ Kxf6 52. Qf5+ Ke7
53. g7 1-0

[Event "Beijing Sportaccord rap (Women)"]
[Site "Beijing"]
[Date "2014.12.11"]
[Round "1"]
[White "Zhao, Xue"]
[Black "Kosteniuk, Alexandra"]
[Result "1-0"]
[WhiteElo "2514"]
[BlackElo "2541"]
[PlyCount "115"]
[EventDate "2014.12.11"]
[EventType "swiss (rapid)"]
[EventRounds "7"]
[EventCountry "CHN"]
[SourceTitle "CBM 163 Extra"]
[Source "ChessBase"]
[SourceDate "2014.12.23"]
[SourceVersion "1"]
[SourceVersionDate "2014.12.23"]
[SourceQuality "1"]

1. Nf3 d5 2. g3 c6 3. Bg2 Bf5 4. d3 Nf6 5. Nbd2 e6 6. Nh4 Bg4 7. h3 Bh5 8. g4
Bg6 9. e3 Nfd7 10. Nxg6 hxg6 11. d4 e5 12. O-O e4 13. f3 exf3 14. Qxf3 Qf6 15.
Qe2 Qe6 16. e4 Be7 17. Qd3 O-O 18. exd5 cxd5 19. Nf3 Qb6 20. Qb3 Qc7 21. Qxd5
Nf6 22. Qb3 Nc6 23. c3 Bd6 24. Bd2 Rae8 25. Rae1 Bg3 26. Rxe8 Rxe8 27. Qd1 Ne4
28. Bc1 Na5 29. Qd3 Nf6 30. b3 Nc6 31. Bd2 Ne4 32. Be1 Bf4 33. Ne5 Nc5 34. Qf3
Bxe5 35. dxc5 g5 36. Bd2 Bf6 37. b4 Rd8 38. Be1 Be5 39. Bf2 Bf4 40. Rd1 Rxd1+
41. Qxd1 Qe5 42. Qe1 Qb8 43. Bd5 Ne5 44. Qe4 Qd8 45. Kg2 Ng6 46. c4 Qf6 47.
Qe8+ Nf8 48. b5 Bc7 49. b6 axb6 50. cxb6 Bd6 51. c5 Be5 52. Bxf7+ Qxf7 53. Qxe5
Ng6 54. Qxg5 Nf4+ 55. Kh2 Nd5 56. Qf5 Nf6 57. g5 Qh5 58. Qe6+ 1-0

[Event "Beijing Sportaccord rap (Women)"]
[Site "Beijing"]
[Date "2014.12.11"]
[Round "2"]
[White "Kosteniuk, Alexandra"]
[Black "Khotenashvili, Bela"]
[Result "0-1"]
[WhiteElo "2541"]
[BlackElo "2504"]
[PlyCount "138"]
[EventDate "2014.12.11"]
[EventType "swiss (rapid)"]
[EventRounds "7"]
[EventCountry "CHN"]
[SourceTitle "CBM 163 Extra"]
[Source "ChessBase"]
[SourceDate "2014.12.23"]
[SourceVersion "1"]
[SourceVersionDate "2014.12.23"]
[SourceQuality "1"]

1. e4 c6 2. d4 d5 3. e5 Bf5 4. Nf3 e6 5. Be2 Nd7 6. c3 Ne7 7. Nbd2 h6 8. b4 a5
9. a4 axb4 10. cxb4 Ng6 11. Ba3 Nf4 12. Bf1 Nb6 13. a5 Nc4 14. Qb3 Nxa3 15.
Rxa3 Be7 16. g3 Ng6 17. h4 O-O 18. h5 Nh8 19. Nh4 Bh7 20. Ndf3 b6 21. a6 b5 22.
Bh3 Qb6 23. O-O Rxa6 24. Ng2 Rxa3 25. Qxa3 Be4 26. Rc1 Bxf3 27. Qxf3 Qxd4 28.
Rxc6 Qxe5 29. Nf4 Bxb4 30. Rb6 Bd2 31. Nd3 Qe4 32. Qxe4 dxe4 33. Ne5 e3 34. Kf1
exf2 35. Kxf2 b4 36. Nc6 g6 37. g4 Kg7 38. Rb7 Kf6 39. Nb8 Rd8 40. Nd7+ Kg7 41.
Nc5 Kf6 42. Rb5 Bc3 43. Ne4+ Kg7 44. Rb7 Rd5 45. hxg6 Nxg6 46. g5 Re5 47. Nd6
Bd4+ 48. Kf1 Nh8 49. gxh6+ Kxh6 50. Rb8 Rd5 51. Ne4 f5 52. Ng3 Bc3 53. Ne2 Ng6
54. Rb6 Re5 55. Rc6 Rxe2 56. Kxe2 Nf4+ 57. Kf3 Nxh3 58. Rxe6+ Kg5 59. Rb6 Nf4
60. Rb8 Ng6 61. Rb5 Ne5+ 62. Ke3 Nc4+ 63. Kd3 Nd2 64. Rb8 Kf4 65. Rf8 Ne4 66.
Kc4 Ke3 67. Kd5 Ng3 68. Re8+ Kd3 69. Rf8 b3 0-1

[Event "Beijing Sportaccord rap (Women)"]
[Site "Beijing"]
[Date "2014.12.11"]
[Round "3"]
[White "Koneru, Humpy"]
[Black "Kosteniuk, Alexandra"]
[Result "0-1"]
[WhiteElo "2581"]
[BlackElo "2541"]
[PlyCount "82"]
[EventDate "2014.12.11"]
[EventType "swiss (rapid)"]
[EventRounds "7"]
[EventCountry "CHN"]
[SourceTitle "CBM 163 Extra"]
[Source "ChessBase"]
[SourceDate "2014.12.23"]
[SourceVersion "1"]
[SourceVersionDate "2014.12.23"]
[SourceQuality "1"]

1. Nf3 Nf6 2. c4 b6 3. g3 e6 4. Bg2 Bb7 5. O-O Be7 6. Nc3 O-O 7. Re1 Ne4 8.
Nxe4 Bxe4 9. d3 Bb7 10. e4 c5 11. d4 cxd4 12. Nxd4 d6 13. b3 a6 14. Ba3 Qc7 15.
Qd2 Nd7 16. Rad1 Rfd8 17. Bh3 Nf8 18. Qe3 Qb8 19. Rd2 Ra7 20. Red1 Ba8 21. Ne2
Ng6 22. Bg2 Rad7 23. Nc3 Bc6 24. Ne2 b5 25. cxb5 axb5 26. Nd4 Ba8 27. Bb4 Ne5
28. Rc2 Bf6 29. Qe2 d5 30. Nxb5 dxe4 31. Rxd7 Rxd7 32. Bd6 Nf3+ 33. Kh1 Qd8 34.
Bh3 Nd4 35. Nxd4 Rxd6 36. Nb5 e3+ 37. Kg1 Rd2 38. Rxd2 exd2 39. Bg4 Qd5 40. f4
d1=Q+ 41. Qxd1 Qg2# 0-1

[Event "Beijing Sportaccord rap (Women)"]
[Site "Beijing"]
[Date "2014.12.11"]
[Round "4"]
[White "Kosteniuk, Alexandra"]
[Black "Harika, Dronavalli"]
[Result "1/2-1/2"]
[WhiteElo "2541"]
[BlackElo "2505"]
[PlyCount "62"]
[EventDate "2014.12.11"]
[EventType "swiss (rapid)"]
[EventRounds "7"]
[EventCountry "CHN"]
[SourceTitle "CBM 163 Extra"]
[Source "ChessBase"]
[SourceDate "2014.12.23"]
[SourceVersion "1"]
[SourceVersionDate "2014.12.23"]
[SourceQuality "1"]

1. e4 e6 2. d4 d5 3. Nc3 Bb4 4. a3 Bxc3+ 5. bxc3 dxe4 6. Qg4 Nf6 7. Qxg7 Rg8 8.
Qh6 c5 9. Ne2 Bd7 10. Bg5 Rg6 11. Qh4 Bc6 12. d5 exd5 13. Nf4 Rxg5 14. Qxg5
Nbd7 15. Nh5 Nxh5 16. Qxh5 Qf6 17. Qh3 O-O-O 18. Rb1 Re8 19. Be2 Kc7 20. O-O
Ne5 21. Bb5 Rg8 22. Bxc6 Kxc6 23. c4 Nxc4 24. Qb3 b6 25. Qa4+ Kb7 26. Qd7+ Kb8
27. Qxd5 Rxg2+ 28. Kxg2 Qf3+ 29. Kg1 Qg4+ 30. Kh1 Qf3+ 31. Kg1 Qg4+ 1/2-1/2

[Event "Beijing Sportaccord rap (Women)"]
[Site "Beijing"]
[Date "2014.12.12"]
[Round "5"]
[White "Stefanova, Antoaneta"]
[Black "Kosteniuk, Alexandra"]
[Result "1/2-1/2"]
[WhiteElo "2517"]
[BlackElo "2541"]
[PlyCount "80"]
[EventDate "2014.12.11"]
[EventType "swiss (rapid)"]
[EventRounds "7"]
[EventCountry "CHN"]
[SourceTitle "CBM 163 Extra"]
[Source "ChessBase"]
[SourceDate "2014.12.23"]
[SourceVersion "1"]
[SourceVersionDate "2014.12.23"]
[SourceQuality "1"]

1. Nf3 d5 2. g3 c6 3. Bg2 Bf5 4. d3 Nf6 5. Nh4 Bg4 6. h3 Bc8 7. Nd2 e5 8. e4
Be6 9. Qe2 Nbd7 10. exd5 Bxd5 11. Ndf3 Qc7 12. O-O O-O-O 13. c4 Bxf3 14. Nxf3
Bc5 15. Rb1 a5 16. Be3 Rhe8 17. Ng5 Re7 18. a3 Bxe3 19. Qxe3 Qb6 20. b4 Qxe3
21. fxe3 axb4 22. axb4 Nb6 23. Rb3 Kc7 24. c5 Nbd5 25. Re1 h6 26. Ne4 Nxe4 27.
Bxe4 Nf6 28. Bg2 Red7 29. Bf1 Ra8 30. b5 Ra5 31. Reb1 Nd5 32. Kf2 Ra2+ 33. Kf3
f5 34. bxc6 Kxc6 35. g4 fxg4+ 36. hxg4 Rf7+ 37. Ke4 Re7 38. Kf3 Rf7+ 39. Ke4
Re7 40. Kf3 Rf7+ 1/2-1/2

[Event "Beijing Sportaccord rap (Women)"]
[Site "Beijing"]
[Date "2014.12.12"]
[Round "6"]
[White "Kosteniuk, Alexandra"]
[Black "Muzychuk, Mariya"]
[Result "0-1"]
[WhiteElo "2541"]
[BlackElo "2529"]
[PlyCount "116"]
[EventDate "2014.12.11"]
[EventType "swiss (rapid)"]
[EventRounds "7"]
[EventCountry "CHN"]
[SourceTitle "CBM 163 Extra"]
[Source "ChessBase"]
[SourceDate "2014.12.23"]
[SourceVersion "1"]
[SourceVersionDate "2014.12.23"]
[SourceQuality "1"]

1. e4 c5 2. c3 d5 3. exd5 Qxd5 4. d4 Nf6 5. Nf3 e6 6. Bd3 Be7 7. O-O O-O 8. c4
Qd8 9. dxc5 Bxc5 10. Bg5 h6 11. Bh4 Nc6 12. Nc3 Be7 13. Qe2 Nh5 14. Bxe7 Qxe7
15. Bb1 Nf6 16. Re1 b6 17. Qc2 Nb4 18. Qb3 Bb7 19. a3 Bxf3 20. Qxb4 Qxb4 21.
axb4 Bc6 22. Rd1 Rfc8 23. f3 Rc7 24. Ra3 Kf8 25. Bc2 Be8 26. Bb3 a5 27. Rda1
Rb8 28. bxa5 bxa5 29. Nd1 Rb4 30. Ba2 a4 31. Rc1 Nd7 32. Kf2 Ne5 33. Rac3 Bc6
34. Ke3 Rd7 35. h4 g5 36. hxg5 hxg5 37. Bb1 f5 38. Ba2 f4+ 39. Ke2 g4 40. fxg4
Nxg4 41. Rd3 Rxd3 42. Kxd3 Bxg2 43. c5 Ke7 44. Kc3 Rb5 45. Kd4 Bc6 46. Bc4 Rb8
47. Kc3 f3 48. Rc2 Rf8 49. Nf2 Nxf2 50. Rxf2 e5 51. Kd2 Rf4 52. Bf1 Rb4 53. Ke1
e4 54. Rh2 e3 55. Rh7+ Kf8 56. Rh6 Rxb2 57. Bd3 a3 58. Rxc6 a2 0-1